000 00304nam a2200109Ia 4500
008 171211s9999 xx 000 0 und d
245 _aAikido and the Harmony of Nature
245 _cMitsugi Saotome
260 _c1993
650 _xMartial Arts
856 _uhttp://down.ebook777.com/056/9780877738558.pdf
999 _c348213
_d348213